Comentarios sobre tercera̕s

Bibliographic Details
Main Author: Vz̀quez Barros, Sergio
Format: eBook
Language:Spanish
Published: Barcelona : Editorial vLex, 2010
Subjects:
Online Access:Acceso restringido

MARC

LEADER 00000nam a22000007a 4500
005 20111223133823.0
007 cr|||| ||||
008 111223s2010 sp |||||s|||| 00||0 spa d
035 |a 4937 
040 |a vLex 
090 |c 2873  |d 2873 
100 1 |a Vz̀quez Barros, Sergio 
245 0 0 |a Comentarios sobre tercera̕s  |h [Recurso electrn̤ico] /  |c Sergio Vz̀quez Barros 
256 |a Servicio en ln̕ea 
260 |a Barcelona :  |b Editorial vLex,  |c 2010 
300 |a 1 recurso electrn̤ico 
506 1 |a Contenido solo disponible en los productos indicados  |d vLex Global   |d vLex Global (Academic Edition, excluding Law Schools)   |d vLex Global (U.S. Academic Edition, Law Schools)   |d vLex Global (U.S. Academic Edition, excluding Law Schools)   |d vLex Global (Academic Edition, Law Schools)  
650 0 4 |2 Tesauro vLex  |a Tercera̕ de mejor derecho 
650 0 4 |2 Tesauro vLex  |a Tercera̕ de dominio y accin̤ reivindicatoria 
740 0 |a vLex Libros (Servicio en ln̕ea) 
856 4 0 |u http://vlex.com/source/comentarios-tercerias-4937  |z Acceso restringido 
942 |c BOOK 
999 0 |a Intervention (Civil procedure) 
999 0 |a Civil law